Statistiken für Pokemon Gen 3 (Ger)

Klicken Sie hier um das Quiz zu spielen!

Allgemein

  • Dieses Quiz wurde 62 mal gespielt
  • Das Durchschnittsergebnis liegt bei 110 aus 135

Antwortstatistiken

Nr.#Pokemon Name% Korrekt
255Flemmli
100%
252Geckarbor
100%
254Gewaldro
97%
258Hydropi
97%
253Reptain
97%
383Groudon
95%
382Kyogre
95%
257Lohgock
95%
384Rayquaza
95%
276Schwalbini
95%
260Sumpex
95%
265Waumpel
95%
373Brutalanda
92%
322Camaub
92%
261Fiffyen
92%
288Muntier
92%
269Pudox
92%
277Schwalboss
92%
263Zigzachs
92%
287Bummelz
89%
323Camerupt
89%
386Deoxys
89%
256Jungglut
89%
371Kindwurm
89%
380Latias
89%
381Latios
89%
289Letarking
89%
262Magnayen
89%
259Moorabbel
89%
267Papinella
89%
378Regice
89%
377Regirock
89%
379Registeel
89%
266Schaloko
89%
310Voltenso
89%
355Zwirrlicht
89%
334Altaria
86%
349Barschwa
86%
372Draschel
86%
300Eneco
86%
264Geradaks
86%
385Jirachi
86%
350Milotic
86%
335Sengo
86%
336Vipitis
86%
356Zwirrklop
86%
359Absol
84%
348Armaldo
84%
301Enekoro
84%
309Frizelbliz
84%
328Knacklion
84%
330Libelldra
84%
376Metagross
84%
375Metang
84%
268Panekon
84%
324Qurtel
84%
315Roselia
84%
374Tanhel
84%
280Trasla
84%
333Wablu
84%
320Wailmer
84%
321Wailord
84%
278Wingull
84%
302Zobiris
84%
367Aalabyss
81%
347Anorith
81%
354Banette
81%
297Hariyama
81%
337Lunastein
81%
296Makuhita
81%
312Minun
81%
332Noktuska
81%
279Pelipper
81%
366Perlu
81%
311Plusle
81%
369Relicanth
81%
273Samurzel
81%
363Seemops
81%
353Shuppet
81%
338Sonnfel
81%
304Stollunior
81%
331Tuska
81%
329Vibrava
81%
313Volbeat
81%
365Walraisa
81%
346Wielie
81%
283Gehweiher
78%
282Guardevoir
78%
314Illumise
78%
285Knilz
78%
345Liliep
78%
270Loturzel
78%
284Maskeregen
78%
364Seejong
78%
305Stollrak
78%
275Tengulist
78%
357Tropius
78%
274Blanas
76%
318Kanivanha
76%
286Kapilz
76%
281Kirlia
76%
295Krawumms
76%
307Meditie
76%
368Saganabyss
76%
306Stolloss
76%
319Tohaido
76%
303Flunkifer
73%
293Flurmel
73%
272Kappalores
73%
271Lombrero
73%
308Meditalis
73%
299Nasgnet
73%
327Pandir
73%
362Firnontor
70%
360Isso
70%
352Kecleon
70%
294Krakeelo
70%
358Palimpalim
70%
361Schneppke
70%
298Azurill
68%
351Formeo
68%
341Krebscorps
68%
342Krebutack
68%
290Nincada
68%
291Ninjask
68%
292Ninjatom
68%
370Liebiskus
65%
339Schmerbe
65%
340Welsar
65%
317Schlukwech
62%
316Schluppuck
62%
344Lepumentas
59%
343Puppance
57%
325Spoink
54%
326Groink
51%

Verteilung der Resultate

Perzentil nach korrekt beantworteten Fragen

Anzahl Personen mit jedem Resultat

Ihre Resultats-Entwicklung

Sie haben dieses Quiz noch nicht gespielt